Statistics for Black Sea Countries With an Empty Map

Click here to take the quiz!

General Stats

  • This quiz has been taken 458 times
  • The average score is 6 of 6

Answer Stats

Countries % Correct
Turkey
99%
Ukraine
98%
Russia
98%
Romania
95%
Georgia
95%
Bulgaria
95%

Score Distribution

Percentile by Number Answered

Percent of People with Each Score

Your Score History

You have not taken this quiz